Countries that Import the Most Frozen Crab - Statistics

General Stats
  • This quiz has been taken 47 times
  • The average score is 7 of 10
Answer Stats
Percentage Countries % Correct
37% United States
95%
14% China
90%
13% Japan
83%
1.4% France
71%
9.4% South Korea
68%
1.4% Spain
66%
1.8% Indonesia
61%
3.2% Vietnam
49%
1.1% Thailand
44%
5.8% Netherlands
29%
No matching quizzes found
Score Distribution
Percent of People with Each Score
Percentile by Number Answered
Your Score History
You have not taken this quiz